000 01248 a2200241 4500
001 49997
005 20260407155800.0
008 260407a1968 arg spa d
003 AR-UNSa-BCEJYS
040 _aAR-UNSa-BCEJYS
_bspa
_cAR-UNSa-BCEJYS
080 _a512
_xAlgebra
245 1 0 _aÁlgebra
250 _a2a. ed.
264 1 _aMéxico :
_bReverte Mexicana
_c1968
300 _a447 p.
_c25 cm.
505 _a1. Las cuatro operaciones fundamentales - 2. Productos notables y factorización - 3. Fracciones - 4. Ecuaciones de Primer Grado - 5. Funciones gráficas - 6. Ecuaciones simultáneas de Primer Grado - 7. Exponentes radicales - 8. Ecuaciones de Segundo Grado - 9. Ecuaciones simultáneas de Segundo Grado - 10. Razones, proporciones y variaciones - 11. Números complejos - 12. Ecuaciones de grado superior - 13. Desigualdades - 14. Logaritmos - 15. Progresiones - 16. Inducción matemática - 17. Teorema del binomio - 18. Interés compuesto y rentas - 19. Permutaciones y combinaciones - 20. Probabilidad - 21. Determinantes - 22. Fracciones parciales.
041 _aspa
942 _cBK
590 _aniveau_biblio:m niveau_hierar:0
100 1 _aRees, Paul K.
700 1 _aSparks, Fred W.
700 1 _aAmores, José Emilio
999 _c4924
_d4924